NHL Top 150 Players (2025-26 season) - Statistics

General Stats
  • This quiz has been taken 1,408 times
  • The average score is 79 of 150
Answer Stats
Tier Team Player % Correct
1A Edmonton Oilers Connor McDavid
99%
1A Colorado Avalanche Nathan MacKinnon
98%
1A Edmonton Oilers Leon Draisaitl
96%
1B Vancouver Canucks Quinn Hughes
96%
2A Pittsburgh Penguins Sidney Crosby
96%
1B Toronto Maple Leafs Auston Matthews
95%
2A New Jersey Devils Jack Hughes
95%
1A Colorado Avalanche Cale Makar
94%
1B Tampa Bay Lightning Nikita Kucherov
90%
3A Ottawa Senators Brady Tkachuk
89%
2A Florida Panthers Matthew Tkachuk
89%
1C Boston Bruins David Pastrnak
88%
1C Minnesota Wild Kirill Kaprizov
86%
2A Vegas Golden Knights Jack Eichel
85%
2B Vegas Golden Knights Mitch Marner
85%
1B Florida Panthers Aleksander Barkov
84%
3B San Jose Sharks Macklin Celebrini
82%
3A Dallas Stars Jason Robertson
81%
2C Carolina Hurricanes Sebastian Aho
81%
2A Winnipeg Jets Connor Hellebuyck
80%
2B Dallas Stars Mikko Rantanen
80%
5B Washington Capitals Alex Ovechkin
79%
3A Montreal Canadiens Nick Suzuki
79%
3B Winnipeg Jets Kyle Connor
78%
2A Buffalo Sabres Rasmus Dahlin
78%
3B Buffalo Sabres Tage Thompson
78%
4A Chicago Blackhawks Connor Bedard
77%
5C Washington Capitals Logan Thompson
77%
2C Toronto Maple Leafs William Nylander
76%
2C New York Rangers Artemi Panarin
74%
2B Tampa Bay Lightning Brayden Point
74%
2C Edmonton Oilers Evan Bouchard
74%
5B Montreal Canadiens Cole Caufield
73%
2A Dallas Stars Miro Heiskanen
71%
5A Florida Panthers Brad Marchand
69%
3B Vancouver Canucks Elias Pettersson
69%
2B Columbus Blue Jackets Zach Werenski
69%
2C New York Rangers Adam Fox
68%
2C Tampa Bay Lightning Andrei Vasilevskiy
68%
4A Winnipeg Jets Mark Scheifele
68%
3A Tampa Bay Lightning Victor Hedman
68%
2B New York Rangers Igor Shesterkin
67%
4B Minnesota Wild Joel Eriksson Ek
67%
3A Minnesota Wild Matt Boldy
67%
3A Nashville Predators Roman Josi
67%
2C Florida Panthers Sam Reinhart
67%
3B Utah Mammoth Clayton Keller
66%
2C New Jersey Devils Nico Hischier
65%
3B Boston Bruins Charlie McAvoy
64%
4A Vegas Golden Knights Mark Stone
64%
3A Ottawa Senators Tim Stützle
64%
3B Detroit Red Wings Dylan Larkin
63%
5C Pittsburgh Penguins Erik Karlsson
63%
3C Montreal Canadiens Lane Hutson
63%
5B Los Angeles Kings Anze Kopitar
62%
3C Dallas Stars Jake Oettinger
62%
3C Florida Panthers Sergei Bobrovsky
62%
3A Tampa Bay Lightning Brandon Hagel
61%
4A New York Islanders Matthew Barzal
61%
3A St. Louis Blues Robert Thomas
59%
3A Carolina Hurricanes Seth Jarvis
59%
3C Colorado Avalanche Devon Toews
57%
3C Nashville Predators Filip Forsberg
57%
3A Tampa Bay Lightning Jake Guentzel
57%
3B New Jersey Devils Jesper Bratt
57%
2C Winnipeg Jets Josh Morrissey
56%
4C New York Rangers J.T. Miller
56%
5C Anaheim Ducks Leo Carlsson
56%
4A Dallas Stars Wyatt Johnston
56%
3B New York Islanders Ilya Sorokin
55%
4A Los Angeles Kings Adrian Kempe
54%
4A Carolina Hurricanes Andrei Svechnikov
54%
4C Colorado Avalanche Martin Necas
54%
4B Dallas Stars Roope Hintz
54%
2C Carolina Hurricanes Jaccob Slavin
53%
3B Detroit Red Wings Moritz Seider
53%
4B Boston Bruins Jeremy Swayman
52%
5B Edmonton Oilers Ryan Nugent-Hopkins
52%
4C Edmonton Oilers Zach Hyman
52%
4B Minnesota Wild Brock Faber
51%
4C Toronto Maple Leafs John Tavares
51%
3C Detroit Red Wings Lucas Raymond
51%
5A Calgary Flames Nazem Kadri
50%
4C Florida Panthers Sam Bennett
50%
3A Ottawa Senators Jake Sanderson
49%
4B Ottawa Senators Linus Ullmark
48%
5A Florida Panthers Aaron Ekblad
47%
4C New York Islanders Bo Horvat
47%
5B Los Angeles Kings Drew Doughty
47%
4B Washington Capitals John Carlson
47%
4C Nashville Predators Juuse Saros
47%
4A Montreal Canadiens Noah Dobson
46%
4A Washington Capitals Tom Wilson
46%
3C Vegas Golden Knights Shea Theodore
45%
4C St. Louis Blues Jordan Kyrou
44%
4C Utah Mammoth Logan Cooley
44%
4B Toronto Maple Leafs Matthew Knies
43%
5A New Jersey Devils Dougie Hamilton
42%
5A Washington Capitals Dylan Strome
42%
3A Dallas Stars Thomas Harley
42%
3B Florida Panthers Gustav Forsling
41%
4B Philadelphia Flyers Travis Konecny
41%
5B Detroit Red Wings Alex DeBrincat
40%
4B Tampa Bay Lightning Anthony Cirelli
40%
4B Los Angeles Kings Quinton Byfield
40%
4C Florida Panthers Seth Jones
40%
4A Utah Mammoth Mikhail Sergachev
38%
4A Carolina Hurricanes Nikolaj Ehlers
38%
4B Columbus Blues Jackets Kirill Marchenko
37%
4B Utah Mammoth Dylan Guenther
35%
5A Los Angeles Kings Kevin Fiala
35%
5B Toronto Maple Leafs Morgan Rielly
35%
5C New Jersey Devils Jacob Markstrom
34%
5A New Jersey Devils Timo Meier
34%
4C Calgary Flames Dustin Wolf
33%
5C New York Rangers Vincent Trocheck
33%
4C Edmonton Oilers Mattias Ekholm
32%
5C Los Angeles Kings Mikey Anderson
32%
5A Vancouver Canucks Thatcher Demko
32%
4C St. Louis Blues Colton Parayko
31%
4A Calgary Flames MacKenzie Weegar
31%
5B Ottawa Senators Thomas Chabot
31%
5C Columbus Blue Jackets Adam Fantilli
30%
5B Dallas Stars Esa Lindell
30%
4C Philadelphia Flyers Matvei Michkov
30%
4C Florida Panthers Carter Verhaeghe
28%
5A Philadelphia Flyers Travis Sanheim
27%
5B Colorado Avalanche Mackenzie Blackwood
26%
5A Toronto Maple Leafs Anthony Stolarz
25%
5C Colorado Avalanche Artturi Lehkonen
25%
5A Montreal Canadiens Sam Montembeault
25%
5C Pittsburgh Penguins Bryan Rust
24%
5A Anaheim Ducks Lukas Dostal
24%
4C Vegas Golden Knights Noah Hanifin
24%
5C Washington Capitals Aliaksei Protas
23%
5B Vegas Golden Knights Tomas Hertl
23%
5A Columbus Blue Jackets Sean Monahan
21%
5C Seattle Kraken Vince Dunn
21%
5B Winnipeg Jets Gabriel Vilardi
18%
5C Anaheim Ducks Jackson LaCombe
17%
5A St. Louis Blues Pavel Buchnevich
17%
5A Washington Capitals Pierre-Luc Dubois
17%
5C Toronto Maple Leafs Chris Tanev
15%
5C St. Louis Blues Dylan Holloway
15%
5C Vancouver Canucks Conor Garland
13%
5C St. Louis Blues Philip Broberg
11%
5B Tampa Bay Lightning Ryan McDonagh
11%
5B New York Rangers Vladislav Gavrikov
11%
5B Detroit Red Wings Simon Edvinsson
10%
5C Winnipeg Jets Dylan Samberg
4%
No matching quizzes found
Score Distribution
Percent of People with Each Score
Percentile by Number Answered
Your Score History
You have not taken this quiz